000 00780cam a2200205 i 4500
005 20251124104037.0
008 250721s2012 jo gr 000 0 ara d
020 _a9789957232269
082 1 4 _a211.5
_bح س ا
100 1 _aأبو حسان، جمال محمود
_eمؤلف.
245 1 0 _aدراسة ما روي عن عثمان في شأن لحن القرآن /
_cبقلم الدكتور جمال محمود ابوحسان.
250 _aالطبعة الاولى.
264 3 1 _aعمان :
_bدار الفتح للدراسات والنشر،
_c2012.
300 _a80 صفحة.
650 1 7 _aالقرآن الكريم.
650 1 7 _aقراءات القرآن السبع.
653 _aجمع القرآن وترتيبه
942 _2ddc
_cBK
999 _c127952
_d127952